| 000 | 00407nam a22001577a 4500 | ||
|---|---|---|---|
| 003 | OSt | ||
| 005 | 20231212070152.0 | ||
| 008 | 221212b xxu||||| |||| 00| 0 eng d | ||
| 020 | _a0-19-949927-6 | ||
| 040 | _cIIMT UNIVERSITY MEERUT | ||
| 100 | _aTHAREJA, REEMA | ||
| 245 | _aFUNDAMENTALS OF COMPUTERS | ||
| 260 |
_aNEW DELHI _bOXFORD UNIVERSITY PRESS _c2022 |
||
| 300 | _a287 | ||
| 942 |
_2ddc _c01 _e2 EDITION |
||
| 999 |
_c56175 _d56175 |
||